[Event "Budapest FS05 IM"]
[Site "Budapest"]
[Date "2022.05.07"]
[Round "1"]
[White "Sofrigin, Alexej"]
[Black "Bodi, Tibor"]
[Result "0-1"]
[WhiteElo "2269"]
[BlackElo "2321"]
[PlyCount "72"]
[EventDate "2022.05.07"]
[EventType "tourn"]
[EventRounds "9"]
[EventCountry "HUN"]
[SourceTitle "CBM 208 Extra"]
[Source "ChessBase"]
[SourceDate "2022.07.31"]
[SourceVersion "1"]
[SourceVersionDate "2022.07.31"]
[SourceQuality "1"]

1. Nf3 d5 2. g3 Nc6 3. d4 Bf5 4. Bg2 Nb4 5. Na3 e6 6. 0-0 Nf6 7. Ne5 Nd7 8. Nf3 Be7 9. Re1 0-0 10. c3 Na6 11. Nb1 c5 12. Qb3 cxd4 13. cxd4 Rc8 14. Bd2 Qb6 15. Bc3 Nc7 16. e3 Ne8 17. Nfd2 Nd6 18. Bf1 Rc6 19. Na3 Rfc8 20. Rac1 a6 21. Kg2 Qd8 22. Nab1 b5 23. a3 Nb6 24. f3 Bg6 25. Qd1 a5 26. b3 b4 27. Bb2 Rc2 28. Rxc2 Rxc2 29. Bc1 Qc7 30. Kg1 Nf5 31. Kf2 Bf6 32. Bd3 Nxe3 33. Kxe3 Bxd4+ 34. Kxd4 Qc5+ 35. Ke5 Bxd3 36. Nf1 d4+ 0-1

[Event "Les Diablerets op"]
[Site "Les Diablerets"]
[Date "2015.07.04"]
[Round "2"]
[White "Medici, Simone"]
[Black "Sofrigin, Alexej"]
[Result "1/2-1/2"]
[WhiteElo "2101"]
[BlackElo "2283"]
[PlyCount "67"]
[EventDate "2015.07.03"]
[EventType "swiss"]
[EventRounds "5"]
[EventCountry "SUI"]
[SourceTitle "CBM 167 Extra"]
[Source "ChessBase"]
[SourceDate "2015.09.14"]
[SourceVersion "1"]
[SourceVersionDate "2015.09.14"]
[SourceQuality "1"]

1. d4 Nf6 2. c4 c5 3. d5 b5 4. cxb5 a6 5. bxa6 Bxa6 6. Nc3 g6 7. g3 d6 8. Bg2 Bg7 9. Nf3 0-0 10. 0-0 Nbd7 11. h3 Qa5 12. Re1 Rfb8 13. e4 Ne8 14. Qc2 Nc7 15. Bd2 Nb5 16. Nxb5 Qxb5 17. Bc3 Bxc3 18. bxc3 Qb2 19. Qxb2 Rxb2 20. e5 Nb6 21. exd6 exd6 22. Ng5 Bc4 23. Ne4 Raxa2 24. Rxa2 Bxa2 25. Nxd6 Bxd5 26. Bxd5 Nxd5 27. Re5 Nxc3 28. Rxc5 Nd1 29. Rc7 Kg7 30. Ne4 Rb1 31. Re7 Ne3+ 32. Kh2 Rb2 33. Kg1 Rb1+ 34. Kh2 1/2-1/2

[Event "Les Diablerets op"]
[Site "Les Diablerets"]
[Date "2015.07.04"]
[Round "3"]
[White "Sofrigin, Alexej"]
[Black "Pahud, Cedric"]
[Result "0-1"]
[WhiteElo "2283"]
[BlackElo "2127"]
[PlyCount "90"]
[EventDate "2015.07.03"]
[EventType "swiss"]
[EventRounds "5"]
[EventCountry "SUI"]
[SourceTitle "CBM 167 Extra"]
[Source "ChessBase"]
[SourceDate "2015.09.14"]
[SourceVersion "1"]
[SourceVersionDate "2015.09.14"]
[SourceQuality "1"]

1. Nf3 c5 2. g3 g6 3. Bg2 Bg7 4. c4 Nc6 5. 0-0 d6 6. Nc3 e5 7. Ne1 Be6 8. d3 Nge7 9. Nc2 d5 10. cxd5 Nxd5 11. Ne3 Nde7 12. Ne4 b6 13. Qa4 Qc7 14. Ng5 Bd7 15. Nd5 Nxd5 16. Bxd5 Nd8 17. Qe4 Rc8 18. f4 Bc6 19. f5 Bxd5 20. Qxd5 Qc6 21. Qxc6+ Rxc6 22. Ne4 f6 23. h4 Nb7 24. Be3 Nd6 25. Nxd6+ Rxd6 26. Rac1 Ke7 27. Kg2 Rdd8 28. Kh3 h5 29. b4 cxb4 30. Rc7+ Rd7 31. Rxd7+ Kxd7 32. fxg6 Ke6 33. Bd2 a5 34. Rc1 Kf5 35. Rc6 Kxg6 36. g4 hxg4+ 37. Kxg4 b5 38. Ra6 Bf8 39. e4 a4 40. Rb6 Bc5 41. Rxb5 Bf2 42. Rxb4 a3 43. Kf3 Bc5 44. Rb5 Bd4 45. Kg4 Bf2 0-1

[Event "Les Diablerets op"]
[Site "Les Diablerets"]
[Date "2015.07.03"]
[Round "1"]
[White "Sofrigin, Alexej"]
[Black "Cirrincione, Giansalvo"]
[Result "1-0"]
[WhiteElo "2283"]
[BlackElo "1818"]
[PlyCount "45"]
[EventDate "2015.07.03"]
[EventType "swiss"]
[EventRounds "5"]
[EventCountry "SUI"]
[SourceTitle "CBM 167 Extra"]
[Source "ChessBase"]
[SourceDate "2015.09.14"]
[SourceVersion "1"]
[SourceVersionDate "2015.09.14"]
[SourceQuality "1"]

1. Nf3 c5 2. g3 g6 3. Bg2 Bg7 4. c4 Nc6 5. 0-0 e5 6. Nc3 Nge7 7. Ne1 0-0 8. Nc2 d6 9. a3 a5 10. Rb1 Be6 11. Ne3 Rb8 12. d3 Nd4 13. b4 axb4 14. axb4 b5 15. bxc5 bxc4 16. Rxb8 Qxb8 17. cxd6 Qxd6 18. Nxc4 Bxc4 19. dxc4 Qc5 20. Nd5 Nec6 21. e3 Ne6 22. Qa4 Rb8 23. Qxc6 1-0

[Event "Gjovik op"]
[Site "Gjovik"]
[Date "2009.01.06"]
[Round "8"]
[White "Sofrigin, Alexej"]
[Black "Stanford, Maxim Barth"]
[Result "1-0"]
[WhiteElo "2252"]
[BlackElo "2415"]
[PlyCount "137"]
[EventDate "2008.12.29"]
[EventType "swiss"]
[EventRounds "9"]
[EventCountry "NOR"]
[SourceTitle "CBM 130 Extra"]
[Source "ChessBase"]
[SourceDate "2009.07.02"]
[SourceVersion "2"]
[SourceVersionDate "2009.07.15"]
[SourceQuality "1"]

1. d4 Nf6 2. c4 e6 3. Nf3 b6 4. g3 Ba6 5. b3 Bb7 6. Bg2 Bb4+ 7. Bd2 a5 8. Nc3 0-0 9. 0-0 d6 10. Nb1 Nbd7 11. Bg5 a4 12. bxa4 h6 13. Bd2 Bxd2 14. Nfxd2 Bxg2 15. Kxg2 Ra5 16. Nc3 Qa8+ 17. Kg1 e5 18. e3 Re8 19. Rb1 Nf8 20. Nb3 Ra6 21. d5 e4 22. Nd4 Qc8 23. f4 Qh3 24. Qe2 N8d7 25. Nb3 Raa8 26. Rb2 Rec8 27. Rd1 Ng4 28. Re1 f5 29. Qg2 Qh5 30. Rbe2 Ngf6 31. Rd2 Rcb8 32. Qe2 Qh3 33. Rb2 Rc8 34. Rd2 h5 35. Qg2 Qg4 36. h3 Qg6 37. Kh2 Kf7 38. Rg1 Rh8 39. Qe2 Qh7 40. Rb2 Rhc8 41. Rd2 g6 42. Rb1 Qh8 43. Rc1 Qg7 44. h4 Ke8 45. Kg2 Ng8 46. Rd4 Kf8 47. Qd1 Nh6 48. Rc2 Nf7 49. Qc1 Nd8 50. a5 bxa5 51. Na4 Kg8 52. c5 dxc5 53. Nbxc5 Nxc5 54. Rxc5 Nb7 55. Rc6 Nd6 56. Nc5 Nb5 57. Rd2 a4 58. Ne6 Qd7 59. Qc5 Nd6 60. Nxc7 Rab8 61. Rc2 Rb7 62. Rxd6 Rbxc7 63. Rxg6+ Kf7 64. Rc6 Rxc6 65. dxc6 Qe6 66. Qa7+ Kg6 67. Qxa4 Qd6 68. Qc4 Qd1 69. c7 1-0

[Event "Lausanne op"]
[Site "Lausanne"]
[Date "2006.09.16"]
[Round "3"]
[White "Andersson, Ulf"]
[Black "Sofrigin, Alexej"]
[Result "1-0"]
[WhiteElo "2542"]
[BlackElo "2272"]
[PlyCount "85"]
[EventDate "2006.09.15"]
[EventType "swiss"]
[EventRounds "7"]
[EventCountry "SUI"]
[SourceTitle "CBM 114 Extra"]
[Source "ChessBase"]
[SourceDate "2006.11.03"]
[SourceVersion "1"]
[SourceVersionDate "2006.11.03"]
[SourceQuality "1"]

1. Nf3 d5 2. d4 Nf6 3. c4 e6 4. g3 Be7 5. Bg2 0-0 6. 0-0 c5 7. cxd5 exd5 8. dxc5 Bxc5 9. Bg5 Be7 10. Nc3 Nc6 11. e3 Be6 12. Nd4 Nxd4 13. exd4 h6 14. Bxf6 Bxf6 15. Qb3 Bxd4 16. Nxd5 Bxd5 17. Bxd5 Rb8 18. Rad1 Qb6 19. Rd2 Qxb3 20. Bxb3 Rbd8 21. Rfd1 Bf6 22. Rd7 Rxd7 23. Rxd7 Bxb2 24. Rxb7 Bd4 25. Kg2 h5 26. f4 g6 27. h3 Kg7 28. g4 hxg4 29. hxg4 g5 30. Kf3 Kf6 31. Rb5 gxf4 32. Kxf4 Bb6 33. Rd5 Bc7+ 34. Kf3 Kg6 35. Rd7 Bb8 36. Rb7 Kf6 37. Bxf7 Bd6 38. Bh5 Kg5+ 39. Ke4 Bb8 40. Rg7+ Kh4 41. Bf7 Rc8 42. g5 Rc5 43. Rh7+ 1-0

[Event "Seeburg op 1st"]
[Site "Luzern"]
[Date "1999.10.12"]
[Round "7"]
[White "Spanton, Timothy"]
[Black "Sofrigin, Alexej"]
[Result "0-1"]
[WhiteElo "2147"]
[BlackElo "2308"]
[PlyCount "62"]
[EventDate "1999.10.08"]
[EventType "swiss"]
[EventRounds "7"]
[EventCountry "SUI"]
[SourceTitle "EXT 2000"]
[Source "ChessBase"]
[SourceDate "1999.11.16"]
[SourceVersion "1"]
[SourceVersionDate "1999.11.16"]
[SourceQuality "1"]

1. e4 c5 2. c4 Nc6 3. Ne2 g6 4. d4 cxd4 5. Nxd4 Bg7 6. Be3 Nf6 7. Nc3 0-0 8. Be2 d6 9. 0-0 a6 10. h3 Rb8 11. Qd2 Bd7 12. Rad1 Nxd4 13. Bxd4 Bc6 14. Bf3 Re8 15. a4 Qa5 16. Rb1 Nxe4 17. Bxe4 Bxe4 18. b4 Qf5 19. Nxe4 Qxe4 20. Bxg7 Kxg7 21. Qc3+ Kg8 22. Rfe1 Qc6 23. b5 axb5 24. axb5 Qc5 25. Qb4 Rbc8 26. Re4 f5 27. Qxc5 Rxc5 28. Rd4 Ra8 29. f4 Ra4 30. Rc1 Rb4 31. Kf2 Rbxb5 0-1

[Event "SUI-ch"]
[Site "Graechen"]
[Date "1999.??.??"]
[Round "8"]
[White "Horvath, Tamas"]
[Black "Sofrigin, Alexej"]
[Result "1-0"]
[WhiteElo "2430"]
[BlackElo "2305"]
[PlyCount "67"]
[EventDate "1999.07.??"]
[EventType "swiss"]
[EventRounds "9"]
[EventCountry "SUI"]
[SourceTitle "EXT 2002"]
[Source "ChessBase"]
[SourceDate "2001.11.25"]
[SourceVersion "1"]
[SourceVersionDate "2001.11.25"]
[SourceQuality "1"]

1. e4 e5 2. Nf3 Nc6 3. Bb5 a6 4. Ba4 Nf6 5. 0-0 Be7 6. Re1 b5 7. Bb3 0-0 8. d4 Nxd4 9. Nxd4 exd4 10. e5 Ne8 11. c3 d6 12. Qf3 Rb8 13. cxd4 dxe5 14. dxe5 c5 15. Nc3 Nc7 16. Rd1 Qe8 17. Ne4 Bb7 18. Bc2 Kh8 19. Qh3 Bxe4 20. Bxe4 g6 21. b3 Ne6 22. Bxg6 fxg6 23. Qxe6 Rxf2 24. Bg5 Bxg5 25. Qxe8+ Rxe8 26. Kxf2 Rxe5 27. Rd7 Be3+ 28. Kg3 Rf5 29. Rad1 Bd4 30. h4 Bf6 31. R1d5 Be5+ 32. Kh3 c4 33. bxc4 bxc4 34. Re7 1-0

[Event "Schwarzach op-A"]
[Site "Schwarzach"]
[Date "1998.08.29"]
[Round "8"]
[White "Polak, Tomas"]
[Black "Sofrigin, Alexej"]
[Result "1/2-1/2"]
[WhiteElo "2525"]
[BlackElo "2320"]
[PlyCount "78"]
[EventDate "1998.08.30"]
[EventType "swiss"]
[EventRounds "9"]
[EventCountry "AUT"]
[SourceTitle "EXT 2000"]
[Source "ChessBase"]
[SourceDate "1999.11.16"]
[SourceVersion "1"]
[SourceVersionDate "1999.11.16"]
[SourceQuality "1"]

1. d4 Nf6 2. c4 e6 3. Nf3 b6 4. g3 Ba6 5. b3 b5 6. cxb5 Bxb5 7. Bg2 d5 8. 0-0 Nbd7 9. Nc3 Ba6 10. Bb2 Be7 11. Rc1 Rc8 12. Na4 0-0 13. Nc5 Nxc5 14. dxc5 c6 15. b4 Nd7 16. Nd4 Bf6 17. f4 Bc4 18. Nxc6 Rxc6 19. Bxf6 Bxe2 20. Bxd8 Bxd1 21. Be7 Re8 22. Bd6 Ba4 23. f5 Nf6 24. fxe6 fxe6 25. Rce1 Bb5 26. Rf4 Ra6 27. Rf2 Bc4 28. Bh3 Kf7 29. Bg4 Rxa2 30. Rxa2 Bxa2 31. Ra1 Bc4 32. Rxa7+ Kg6 33. Bd1 Ne4 34. Be5 Rf8 35. Rxg7+ Kh6 36. Bg4 Rf1+ 37. Kg2 Rf2+ 38. Kg1 Rf1+ 39. Kg2 Rf2+ 1/2-1/2

[Event "Bern Cup"]
[Site "Bern"]
[Date "1996.??.??"]
[Round "3"]
[White "Gallagher, Joseph G"]
[Black "Sofrigin, Alexej"]
[Result "1/2-1/2"]
[WhiteElo "2525"]
[BlackElo "2285"]
[PlyCount "103"]
[EventDate "1996.??.??"]
[EventType "swiss"]
[EventRounds "5"]
[EventCountry "SUI"]
[SourceTitle "CBM 051 Extra"]
[Source "ChessBase"]
[SourceDate "1996.05.01"]
[SourceVersion "1"]
[SourceVersionDate "1996.05.01"]
[SourceQuality "1"]

1. e4 e5 2. Nc3 Nf6 3. g3 Bc5 4. Bg2 0-0 5. Nge2 Nc6 6. 0-0 a6 7. h3 b5 8. Kh2 b4 9. Nd5 Nxd5 10. exd5 Nd4 11. Nxd4 Bxd4 12. c3 Bc5 13. d4 exd4 14. cxb4 Bxb4 15. Qxd4 Rb8 16. Bf4 d6 17. a3 Bc5 18. Qc3 Re8 19. b4 Bb6 20. Rae1 Rxe1 21. Rxe1 Bd7 22. Be3 Bb5 23. h4 h6 24. Bd4 Qf8 25. Bxb6 cxb6 26. Qd4 Qd8 27. Bh3 Qc7 28. Qf4 Re8 29. Rxe8+ Bxe8 30. Bf1 Bb5 31. Bxb5 axb5 32. Kg2 Qe7 33. Qf3 Qe5 34. Qd3 Qe8 35. Kf1 h5 36. Qd4 Qe5 37. Qd3 Qe8 38. Qe2 Qa8 39. Qe6 Qxa3 40. Qxd6 Qd3+ 41. Kg1 Qd1+ 42. Kg2 Qd4 43. Qc6 Qe4+ 44. Kh2 Qf5 45. f4 Qd3 46. Qe8+ Kh7 47. Qe5 Qd2+ 48. Kh3 Qd1 49. Qe4+ g6 50. Kg2 Qd2+ 51. Kf3 Qd1+ 52. Kf2 1/2-1/2

[Event "Bad Ragaz op"]
[Site "Bad Ragaz"]
[Date "1995.??.??"]
[Round "?"]
[White "Sher, Miron Naumovich"]
[Black "Sofrigin, Alexej"]
[Result "0-1"]
[WhiteElo "2510"]
[BlackElo "2265"]
[PlyCount "92"]
[EventDate "1995.04.??"]
[EventType "swiss"]
[EventRounds "9"]
[EventCountry "SUI"]
[SourceTitle "EXT 1997"]
[Source "ChessBase"]
[SourceDate "1996.11.15"]
[SourceVersion "1"]
[SourceVersionDate "1996.11.15"]
[SourceQuality "1"]

1. c4 c5 2. Nf3 g6 3. d4 Bg7 4. e4 d6 5. d5 b5 6. cxb5 Nf6 7. Nc3 0-0 8. a4 a6 9. Ra3 e6 10. dxe6 Bxe6 11. Be2 axb5 12. Bxb5 Na6 13. 0-0 Nc7 14. Be2 d5 15. exd5 Ncxd5 16. Nxd5 Qxd5 17. Bb5 Qb7 18. Rd3 Bd5 19. b3 Be4 20. Rd2 Nd5 21. Bc4 Nc3 22. Rd7 Nxd1 23. Rxb7 Bxb7 24. Rxd1 Rad8 25. Re1 Bc3 26. Rf1 Bd5 27. Bg5 f6 28. Be3 Bxc4 29. bxc4 Bb4 30. g3 Rd3 31. Kg2 Rfd8 32. Rc1 Ra3 33. Rc2 Rxa4 34. h4 Kf7 35. Ng1 Rda8 36. Kf3 Ra2 37. Rxa2 Rxa2 38. Ke4 Ke6 39. Nh3 Rc2 40. Nf4+ Kd6 41. h5 Rxc4+ 42. Kd3 Rc3+ 43. Ke2 g5 44. Nd3 Rb3 45. f3 c4 46. Nf2 Rxe3+ 0-1

[Event "Orange op"]
[Site "Orange"]
[Date "1990.??.??"]
[Round "5"]
[White "Courrier, Arnaud"]
[Black "Sofrigin, Alexej"]
[Result "0-1"]
[WhiteElo "2080"]
[BlackElo "2240"]
[PlyCount "40"]
[EventDate "1990.??.??"]
[EventType "swiss"]
[EventRounds "9"]
[EventCountry "FRA"]
[SourceTitle "EXT 1999"]
[Source "ChessBase"]
[SourceDate "1998.11.16"]
[SourceVersion "1"]
[SourceVersionDate "1998.11.16"]
[SourceQuality "1"]

1. e4 e5 2. f4 Qh4+ 3. g3 Qe7 4. Qe2 exf4 5. gxf4 Qh4+ 6. Qf2 Qxf2+ 7. Kxf2 Bc5+ 8. Ke2 Nf6 9. Bg2 0-0 10. c3 Re8 11. e5 d6 12. d4 Bb6 13. h3 Nh5 14. Kd1 Ng3 15. Rh2 c5 16. a4 Nc6 17. d5 Na5 18. Nf3 Nb3 19. Ra2 Nxc1 20. Kxc1 Ne2+ 0-1